000 00926nam a2200241 a 4500
001 000026972
005 20200930030525.0
008 110328s1995 dr ad r 000 0 spa d
040 _aDO-SdBNP
_bspa
_cBNPHU
082 _a303.6
_bM379v
100 1 _aMartín-Baró, Ignacio, S.J.
_d1942-1989
_954068
245 1 0 _aViolencia y agresión social /
_cIgnacio Martín-Baró, S.J.
260 _aSanto Domingo :
_bCentro de Estudios Sociales,
_c1995
_fBúho
300 _a88 p. :
_bil., gráfcs. ;
_c21 cm.
490 1 _aCentro de Estudios Sociales ;
_v4
500 _aIncluye referencias bibliográficas y notas al pie de páginas.
504 _aBibliografía : p. 86- 88
590 _aInventariado, 2018/BT
650 4 _aViolencia
_xEnsayos, conferencias, etc.
_954069
650 4 _aViolencia
_xAspectos morales y éticos
_911760
830 0 _aCentro de Estudios Sociales ;
_n4
_954070
910 _aValidado. Control de calidad. EMS
999 _c26464
_d26464